| 000 | 00419nam a22001457a 4500 | ||
|---|---|---|---|
| 008 | 240425b |||||||| |||| 00| 0 eng d | ||
| 020 | _a9780895265111 | ||
| 050 |
_aHD 9975 .U54 W375 1993 _b1 |
||
| 100 | _aJACOBSON TIMOTHY C. | ||
| 245 |
_aWASTE MANAGEMENT _bAN AMERICAN CORPORATE SUCCESS STORY |
||
| 260 |
_aUS _bGATEWAY BUSINESS BOOKS _c1993 |
||
| 300 | _aXII: 340P. | ||
| 500 | _aINCLUDES INDEX | ||
| 942 |
_2lcc _cBK |
||
| 999 |
_c209977 _d209977 |
||